Conversación en Mandarín para intermedios II (en idioma chino)

Kaydedildi:
Detaylı Bibliyografya
Materyal Türü: Kitap
Dil:Undetermined
Baskı/Yayın Bilgisi: [Lugar de publicación no identificado] [Editor no identificaco] [s.f.]
Konular:
Etiketler: Etiketle
Etiket eklenmemiş, İlk siz ekleyin!

MARC

LEADER 00000nam a2200000Ia 4500
008 170316s9999 xx 000 0 und d
090 |a 415-CH C-1co v.2 
245 |a Conversación en Mandarín para intermedios II (en idioma chino) 
260 |a [Lugar de publicación no identificado] 
260 |b [Editor no identificaco] 
260 |c [s.f.] 
300 |a [75 páginas] 
650 |a GRAMÁTICA CHINA 
650 |a DIÁLOGOS EN CHINO - MANDARÍN 
999 |c 18877  |d 18877 
040 |a cru BVZT 
942 |c 15 D  |h 415-CH C-1co v.2  |2 z